01699nam a2200301 a 4500001001000000005001700010008004100027041000800068044000700076084002000083100004500103245008800148260005500236300002600291440006500317500024100382500007600623500033600699500001001035546002401045650005201069650005601121650003401177650004501211700004701256700004401303740005001347BRCA_287920190320204018.0111208s1839----gw-#---###---#000-0#ger-u ager agw a283b.M48c18391 aCervantes Saavedra, Miguel ded1547-161610aDer Sinnreiche Junker Don Quixote von der Manchacvon Miguel de Cervantes Saavedra. aStuttgartbJ. B. Metzler´schen-buchhandlungc1839 a6 v. en 12 t.c16 cm. 0aMiguel´s de Cervantes sämmtliche Romane und Novellenn1-5 aContenido : v 1. Primera parte. Dedicatoria del autor. Prólogo del autor. Versos preliminares. Texto. -- v 2. Texto. -- v 3. Segunda parte. Dedicatoria del autor. Prólogo del autor. Texto. -- v 4. Texto. -- v 5. Texto. -- v 6. Texto aEdición : Aus dem Spanischen von Adelbert Keller und Friedrich Notter aEdición económica con la traducción de A. Keller y F. Notter, que es la primera que lleva todas las poesías preliminares de la edición príncipe vertidas al alemán. La parte tipográfica, no obstante el carácter económico de la edición, es buena. Semipiel; lomeras decoradas con adornos dorados Lúdovik Osterc aQM514 aTexto en : alemán14aNovela españolayÉpoca clásica, 1500-170014aLiteratura españolayÉpoca clásica, 1500-170014aNovela españolaySiglo XVII14aDon Quijote (Personaje ficticio)eNovela1 aKeller, Adelbert vond1812-1883eTraductor1 aNotter, Friedrichd1801-1884eTraductor0 aEl Ingenioso Hidalgo Don Quijote de la Mancha